[Event "88th ch-FRA 2013"]
[Site "Nancy FRA"]
[Date "2013.08.21"]
[Round "10.1"]
[White "Degraeve,JM"]
[Black "Sebag,M"]
[Result "1-0"]
[WhiteElo "2563"]
[BlackElo "2527"]

1.e4 c5 2.Nf3 d6 3.Bb5+ Nd7 4.O-O a6 5.Bd3 Ngf6 6.Re1 b5 7.c3 Bb7 8.Bc2 e5
9.d4 Be7 10.Nbd2 O-O 11.Nf1 Re8 12.d5 Bf8 13.h3 c4 14.b3 Qc7 15.b4 a5 16.a4 axb4
17.cxb4 bxa4 18.Rxa4 Ba6 19.N1d2 Nh5 20.Re3 Nb6 21.Ra5 Nf4 22.Rea3 Bb7 23.Nb1 Rxa5
24.bxa5 Nd7 25.a6 Ba8 26.Nc3 Nc5 27.Bxf4 exf4 28.Qd4 g6 29.Qxc4 Bg7 30.Nd4 f5
31.exf5 Nxa6 32.Qxc7 Nxc7 33.Ne6 Nxe6 34.dxe6 gxf5 35.Bxf5 Be5 36.f3 Bb7
37.Kh2 Bc8 38.Nd5 Bxe6 39.Nc7 Bxf5 40.Nxe8 Kf7 41.Nc7 Bd7 42.Kg1 Bd4+ 43.Kf1 Bc5
44.Rb3 Kf6 45.Ke2 Ke5 46.Na6 Be3 47.Nb4 Be6 48.Nd3+ Kd4 49.Rb6 Bc4 50.Rxd6+ Kc3
51.g4 Bb5 52.Rd5 Ba6 53.Rd7 Bb5 54.Rd8 Bb6 55.Rd6 Bd4 56.h4 Bxd3+ 57.Ke1 Bc4
58.Rd7 Kd3 59.Kf1 Bb5 60.Rd6 Ke3+ 61.Kg2 Bc4 62.Rd7 h6 63.Re7+ Kd3 64.g5 hxg5
65.hxg5 Bd5 66.g6 Kc4 67.Rc7+ Kb5 68.g7 Ba2 69.Kh2 Kb6 70.Rc2 Bb3 71.Rc8  1-0

[Event "18th Konik Morski"]
[Site "Rewal POL"]
[Date "2013.08.21"]
[Round "2.9"]
[White "Licznerski,L"]
[Black "Zombirt,F"]
[Result "1/2-1/2"]
[WhiteElo "2332"]
[BlackElo "1964"]

1.e4 c5 2.Nf3 d6 3.Bb5+ Bd7 4.Bxd7+ Qxd7 5.c4 Nf6 6.Nc3 g6 7.d4 cxd4 8.Nxd4 Bg7
9.f3 O-O 10.Be3 Nc6 11.O-O Rac8 12.b3 Qd8 13.Qd2 a6 14.Rfd1 Re8 15.Kh1 Qa5
16.a3 Nd7 17.Nde2 Qd8 18.Rac1 Na5 19.Qa2 h5 20.Nd5 e6 21.Ndf4 Qe7 22.b4 Nc6
23.Nd3 Nce5 24.Nf2 b5 25.cxb5 axb5 26.Bd4 Bh6 27.Rxc8 Rxc8 28.Nc3 Nc6 29.Nxb5 Nxd4
30.Nxd4 Ne5 31.Nb5 Nc4 32.Qa1 Ne3 33.Rg1 Rc2 34.Qe1 Qh4 35.Nh3 Nxg2 36.Qxh4 Nxh4
37.Rf1 Bg7 38.f4 d5 39.exd5 exd5 40.Ng1 Rd2 41.Nf3 Nxf3 42.Rxf3 d4 43.Nd6 d3
44.b5 Bd4 45.Rf1 Ra2 46.Rd1 Rxa3 47.Kg2 Ra2+ 48.Kf3 Rxh2 49.Ke4 Bc5 50.Nb7 Bb6
51.Kxd3 Rb2 52.Kc4 Rc2+ 53.Kb3 Rf2 54.Rd6  1/2-1/2

[Event "33rd Bratto Open"]
[Site "Bratto ITA"]
[Date "2013.08.22"]
[Round "6.6"]
[White "Castaldo,F"]
[Black "Aghayev,M"]
[Result "1/2-1/2"]
[WhiteElo "2433"]
[BlackElo "2319"]

1.e4 c5 2.Nf3 d6 3.Bb5+ Bd7 4.Bxd7+ Nxd7 5.O-O Ngf6 6.Qe2 e6 7.b3 Be7 8.Bb2 O-O
9.c4 a6 10.Nc3 Qa5 11.d4 cxd4 12.Nxd4 Rac8 13.Rac1 Ne5 14.Rfe1 Nfd7 15.f4 Nc6
16.Nf3 Bf6 17.Red1 Rfd8 18.Kh1 Nf8 19.a3 Ng6 20.f5 Nge5 21.b4  1/2-1/2

[Event "21st Troya Open 2013"]
[Site "Canakkale TUR"]
[Date "2013.08.22"]
[Round "7.17"]
[White "Arda,Cagil Irmak"]
[Black "Yelken,Mustafa"]
[Result "1-0"]
[WhiteElo "1728"]
[BlackElo "2172"]

1.e4 c5 2.Nf3 d6 3.Bb5+ Bd7 4.Bxd7+ Qxd7 5.O-O Nc6 6.c4 g6 7.d4 cxd4 8.Nxd4 Bg7
9.Be3 Nf6 10.f3 O-O 11.Nc3 a6 12.Rc1 Rac8 13.Na4 Qc7 14.Nxc6 Qxc6 15.Nb6 Rcd8
16.Nd5 Rfe8 17.Bd4 Nxd5 18.cxd5 Qd7 19.Bxg7 Kxg7 20.Qd4+ Kg8 21.Rc3 Rc8 22.Rfc1 Rf8
23.Qb6 Rxc3 24.Rxc3 Rc8 25.Qd4 Rc7 26.Kf2 Rxc3 27.Qxc3 Qb5 28.Kg3 Qd7 29.Qd3 Qc8
30.Qc3 Qd8 31.Qb3 Qb8 32.Qb6 h5 33.h3 Qc8 34.Qe3 Kh7 35.Qc3 Qd7 36.Qd3 Kg7
37.Qd4+ f6 38.f4 Qb5 39.e5 Qc5 40.Qxc5 dxc5 41.Kf3 Kf7 42.Ke4 h4 43.Kd3 b5
44.a3 Ke8 45.Kc3 Kd7 46.Kd3 Kc7 47.Kc3 Kd8 48.Kd3 Ke8 49.Ke4 fxe5 50.fxe5 Kd7
51.Kd3 Kc7 52.Ke4 Kb6 53.d6 exd6 54.exd6 Kc6 55.Ke5 Kd7 56.Kd5 b4 57.a4 c4
58.Kxc4 Kxd6 59.Kxb4 Ke5 60.Ka5 Kf4 61.b4 Kg3 62.Kxa6 Kxg2 63.b5 Kxh3 64.b6 Kg2
65.b7 h3 66.b8=Q h2 67.Qb7+ Kg1 68.Qb6+ Kh1 69.Qf2  1-0

[Event "Brasschaat Open 2013"]
[Site "Brasschaat BEL"]
[Date "2013.08.24"]
[Round "8.11"]
[White "Peleman,T"]
[Black "Dardha,A"]
[Result "1/2-1/2"]
[WhiteElo "2001"]
[BlackElo "2272"]

1.e4 c5 2.Nf3 d6 3.Bb5+ Nd7 4.O-O a6 5.Bxd7+ Bxd7 6.d4 cxd4 7.Qxd4 e5 8.Qd3 Nf6
9.Nc3 h6 10.Rd1 Be7 11.Nd5 Nxd5 12.Qxd5 Bc6 13.Qd3 Qc7 14.c4 O-O 15.b3 Rfd8
16.Nd2 b5 17.Bb2 Rab8 18.Rac1 Qb7 19.cxb5 axb5 20.f3 Qa7+ 21.Kh1 Qxa2 22.Rc2 Qa6
23.Nf1 d5 24.exd5 Rxd5 25.Qe2 Rxd1 26.Qxd1 Rd8 27.Qe1 Bd5 28.Qxe5 Bf6 29.Qe3 Bxb2
30.Rxb2 Qa1 31.Rf2 Be6 32.Kg1 Rd1 33.Qc5 Rd5 34.Qb4 h5 35.Rd2 Rxd2 36.Qxd2 Qb1
37.Qd8+ Kh7 38.Qg5 Qxb3 39.Qxh5+ Kg8 40.Qg5 Qd3 41.Qc5 g6 42.Kf2 Qb1 43.Nd2 Qb2
44.Ke3 b4 45.Qd4 Qa3+ 46.Kf4 b3 47.Ne4 Qc1+ 48.Ke5 Qc7+ 49.Kf6 Qf4+ 50.Ke7 Qc7+
51.Kf6 Bf5 52.Ng3 Qc6+ 53.Kg5 Qe6 54.Kh6 Kf8 55.Qd8+ Qe8 56.Qd4 Qd7 57.Qb4+ Kg8
58.Qc3 Kf8 59.Qb4+ Ke8 60.Qb8+ Qd8 61.Qxb3 Qd2+ 62.Kg7 Qd4+ 63.Kg8 Be6 64.Qb8+ Ke7
65.Qb7+ Kd8 66.Qe4 Qb6 67.Qa8+ Ke7 68.Qf8+ Kd7 69.Qa8 f5+ 70.Kh7 g5 71.Nh5 Bf7
72.Nf6+ Qxf6 73.Qb7+ Ke8 74.Qc8+ Ke7 75.Qc7+ Kf8 76.Qc5+ Ke8 77.Qc8+ Ke7
78.Qc7+ Kf8 79.Qc5+ Qe7 80.Qxf5 g4 81.g3 gxf3 82.Qxf3 Qc7 83.Qf5 Ke8 84.Kh6 Qc1+
85.Kg7 Qc3+ 86.Qf6 Qc7 87.Kh6 Qc5 88.Kg7 Qf8+ 89.Kh7 Qc5 90.Kg7 Qf8+ 91.Kh7 Qb4
92.Qe5+ Kf8 93.Qg7+ Ke8 94.Qe5+ Kd7 95.Kg7 Be6 96.h4 Qe7+ 97.Kh6 Qb4 98.Qg7+ Ke8
99.Qe5 Qf8+ 100.Kg5 Qg8+ 101.Kh6 Kf7  1/2-1/2

[Event "XXX Collado Villalba Open 2013"]
[Site "Collado Villalba ESP"]
[Date "2013.08.24"]
[Round "2.16"]
[White "Erice Alonso,S"]
[Black "De la Orden Alcocer,Alejandro"]
[Result "1/2-1/2"]
[WhiteElo "2042"]
[BlackElo "1932"]

1.e4 c5 2.Nf3 d6 3.Bb5+ Bd7 4.Bxd7+ Qxd7 5.O-O g6 6.c3 Bg7 7.d4 cxd4 8.cxd4 Nf6
9.Nc3 O-O 10.e5 dxe5 11.Nxe5 Qd8 12.Qb3 Nc6 13.Qxb7 Nxd4 14.Be3 Nf5 15.Bc5 Qb8
16.Qxb8 Rfxb8 17.Rab1 Rc8 18.b4 a5 19.a3 Nd6 20.Rfc1 axb4 21.axb4 Ra3 22.f4 Kf8
23.Ra1 Rxa1 24.Rxa1 Nde4 25.Nxe4 Nxe4 26.Be3 Bxe5 27.fxe5 Rb8 28.Rb1 f5 29.exf6 exf6
30.Kf1 Ke7 31.Rb3 f5 32.Ke2 Ke6 33.b5 Rxb5 34.Ra3 Rb7 35.Kf3 Rd7 36.h4 Kf7
37.g4 Nd6 38.gxf5 Nxf5 39.Kg4 Re7 40.Bg5 Rb7 41.Ra4 Rd7 42.h5 Nd4 43.hxg6+ hxg6
44.Be3 Ne6 45.Ra7  1/2-1/2

[Event "XXX Collado Villalba Open 2013"]
[Site "Collado Villalba ESP"]
[Date "2013.08.24"]
[Round "2.2"]
[White "Valles Moreno,I"]
[Black "Martinez de Miguel,P"]
[Result "0-1"]
[WhiteElo "2384"]
[BlackElo "2098"]

1.e4 c5 2.Nf3 d6 3.Bb5+ Bd7 4.Bxd7+ Qxd7 5.c4 g6 6.Nc3 Bg7 7.d4 cxd4 8.Nxd4 Nc6
9.Nde2 Ne5 10.b3 Qg4 11.O-O Nf3+ 12.Kh1 Nh4 13.Rg1 Nf6 14.Qf1 h6 15.f3 Qh5
16.Be3 g5 17.Rd1 g4 18.Ng3 Qa5 19.Nb5 Kf8 20.a4 a6 21.Nd4 h5 22.Ngf5 Nxf5
23.Nxf5 Rc8 24.Bd4 Ne8 25.Qf2 Bf6 26.Qe3 Rh7 27.f4 Bxd4 28.Rxd4 Qc5 29.Qd3 Rh8
30.Rd1 h4 31.Qc3 Rh7 32.Qc2 Rh8 33.Qb2 Rh7 34.Rd5 Qb6 35.R5d4 Rc5 36.Qb1 h3
37.R1d3 hxg2+ 38.Kxg2 Rxf5 39.exf5 Qc6+ 40.Kg1 Nf6 41.Qe1 Qc5 42.b4 Qxf5
43.Qe2 Rh3 44.Kg2 Nh5 45.Rxh3 gxh3+ 46.Kf3 Nf6 47.Qd3 Qg4+ 48.Ke3 Qg1+ 49.Kd2 Qxh2+
50.Kc3 Qg2 51.Qc2 Qf1 52.Qd1 Ne4+ 53.Kb3 Qxd1+ 54.Rxd1 Nf2  0-1

[Event "e2e4 Coventry Open"]
[Site "Coventry ENG"]
[Date "2013.08.24"]
[Round "2"]
[White "Richmond,J"]
[Black "Ali,Go"]
[Result "1-0"]
[WhiteElo "2092"]
[BlackElo "1848"]

1.e4 c5 2.Nf3 d6 3.Bb5+ Bd7 4.Bxd7+ Nxd7 5.c3 Ngf6 6.Qe2 Qc7 7.O-O g6 8.d4 Bg7
9.e5 dxe5 10.dxe5 Ng4 11.e6 fxe6 12.Qxe6 Nde5 13.Nbd2 Rf8 14.Nxe5 Nxe5 15.Ne4 Rd8
16.Bg5 Nd3 17.Rad1 c4 18.b3 b5 19.a4 cxb3 20.Qxb3 bxa4 21.Qb5+ Qd7 22.Nd6+ exd6
23.Qxd3 Bf6 24.Bh6 Rf7 25.Qd5 a3 26.Rfe1+ Be7 27.Rd4 Qf5 28.Qc6+ Rd7 29.Rf4 Qc5
30.Rxf7 Kxf7 31.Qxd7  1-0

[Event "49th Rubinstein Memorial"]
[Site "Polanica Zdroj POL"]
[Date "2013.08.24"]
[Round "8.3"]
[White "Warakomski,T"]
[Black "Kempinski,R"]
[Result "0-1"]
[WhiteElo "2503"]
[BlackElo "2583"]

1.e4 c5 2.Nf3 d6 3.Bb5+ Nd7 4.d4 cxd4 5.Qxd4 a6 6.Bxd7+ Bxd7 7.Nc3 e5 8.Qd3 h6
9.Nd2 Rc8 10.Nc4 Qc7 11.Ne3 Nf6 12.O-O Be6 13.a4 Be7 14.a5 O-O 15.Rd1 Rfe8
16.Bd2 Qc6 17.Ncd5 Bxd5 18.exd5 Qc7 19.Ra4 Qd7 20.Rb4 Rc5 21.Qb3 Rb8 22.Rc4 Rxc4
23.Nxc4 Nxd5 24.Bxh6 Qe6 25.Bc1 Nf6 26.Nb6 Qxb3 27.cxb3 Ne8 28.f4 f6 29.Be3 Kf7
30.Kf2 Bd8 31.Rc1 Ke6 32.g4 Bxb6 33.Bxb6 Kd7 34.g5 Rc8 35.Rxc8 Kxc8 36.Kf3 f5
37.fxe5 dxe5 38.g6 Kd7 39.h4 Ke7 40.Be3 Kf6 41.h5 f4 42.Bc5 Kf5  0-1

[Event "18th Vienna Open 2013"]
[Site "Vienna AUT"]
[Date "2013.08.24"]
[Round "8.34"]
[White "Mahdi,K"]
[Black "Lechner,Daniel"]
[Result "1-0"]
[WhiteElo "2397"]
[BlackElo "2223"]

1.e4 c5 2.Nf3 d6 3.Bb5+ Bd7 4.Bxd7+ Qxd7 5.O-O Nf6 6.Re1 Nc6 7.c3 e6 8.d4 cxd4
9.cxd4 d5 10.e5 Ne4 11.Nbd2 Nxd2 12.Bxd2 Be7 13.Qb3 O-O 14.Qd3 f6 15.exf6 Bxf6
16.Re2 Qf7 17.Rae1 Rae8 18.h3 h6 19.b4 Nd8 20.b5 Qh5 21.Bb4 Be7 22.Bxe7 Rxe7
23.Rc2 Nf7 24.Qa3 Rfe8 25.Rc8 Kh7 26.Rxe8 Rxe8 27.Qxa7 Nd6 28.Qb6 Ne4 29.Qxb7 Rf8
30.Re3 Qf5 31.Qc6 Rf6 32.Qc2 g5 33.b6 Rf7 34.Ne5 Rg7 35.Rf3  1-0

[Event "15th Sants Open 2013"]
[Site "Barcelona ESP"]
[Date "2013.08.25"]
[Round "3.4"]
[White "Filippov,An UZB"]
[Black "Sanchez Ibern,M"]
[Result "1-0"]
[WhiteElo "2630"]
[BlackElo "2407"]

1.e4 c5 2.Nf3 d6 3.Bb5+ Bd7 4.Bxd7+ Qxd7 5.c4 Nc6 6.d4 cxd4 7.Nxd4 Nf6 8.Nc3 g6
9.h3 Nxd4 10.Qxd4 Bg7 11.Be3 O-O 12.Qd3 Rfc8 13.O-O Qe6 14.b3 Nd7 15.Bd4 Bxd4
16.Qxd4 Qe5 17.Qd2 Nf6 18.Rfe1 a6 19.a4 b5 20.axb5 axb5 21.Rxa8 Rxa8 22.cxb5 Rc8
23.Rc1 h5 24.Qe3 Nxe4 25.Nxe4 Rxc1+ 26.Qxc1 Qxe4 27.b6 Qb4 28.Qc8+ Kh7 29.b7 Qe1+
30.Kh2 Qxf2 31.Qc4 d5 32.Qb4  1-0

[Event "12th Lichtenberger Sommer"]
[Site "Berlin GER"]
[Date "2013.08.25"]
[Round "9.13"]
[White "Sawlin,L"]
[Black "Kohler,T"]
[Result "1/2-1/2"]
[WhiteElo "2021"]
[BlackElo "2263"]

1.e4 c5 2.Nf3 d6 3.Bb5+ Bd7 4.Bxd7+ Qxd7 5.O-O Nc6 6.b3 Nf6 7.Re1 g6 8.Bb2 Bg7
9.c4 O-O 10.d4 cxd4 11.Nxd4 Rfc8 12.Na3 Nxd4 13.Bxd4 Qc6 14.e5 dxe5 15.Bxe5 Qc5
16.Nc2 Ng4 17.Qxg4 Bxe5 18.Rad1 Rd8  1/2-1/2

[Event "18th Vienna Open 2013"]
[Site "Vienna AUT"]
[Date "2013.08.25"]
[Round "9.8"]
[White "Hendriks,W"]
[Black "Guliyev,N"]
[Result "0-1"]
[WhiteElo "2417"]
[BlackElo "2562"]

1.e4 c5 2.Nf3 d6 3.Bb5+ Nd7 4.d4 Nf6 5.O-O cxd4 6.Qxd4 e5 7.Qd3 h6 8.c4 Be7
9.Nc3 O-O 10.Be3 a6 11.Ba4 Nb6 12.Bb3 Be6 13.Rfd1 Rc8 14.c5 Bxb3 15.axb3 dxc5
16.Nxe5 Qc7 17.Nc4 Rfd8 18.Qe2 Nxc4 19.bxc4 Bd6 20.g3 Re8 21.f3 Be5 22.Nd5 Nxd5
23.Rxd5 Qb6 24.Rad1 Qb4 25.R1d2 b5 26.cxb5 axb5 27.f4 Bb8 28.e5 c4 29.Bd4 Qa5
30.f5 Rcd8 31.Bc3 Qa7+ 32.Kg2 Rxd5 33.Rxd5 Qb7 34.Qf3 b4 35.Bd4 c3 36.Rc5 Qxf3+
37.Kxf3 Ba7 38.Rc4 Bxd4 39.Rxd4 c2 40.Rc4 b3 41.e6  0-1

[Event "3rd Isthmia Open"]
[Site "Vrachati GRE"]
[Date "2013.08.25"]
[Round "9.12"]
[White "Sirigos,N"]
[Black "Kelires,Andreas"]
[Result "1/2-1/2"]
[WhiteElo "2216"]
[BlackElo "2075"]

1.e4 c5 2.Nf3 d6 3.Bb5+ Nd7 4.c4 Nf6 5.Nc3 e5 6.d3 h6 7.O-O Be7 8.a3 O-O
9.h3 Nb6 10.Na4 Nxa4 11.Bxa4 Be6 12.b4 cxb4 13.axb4 Nd7 14.Be3 f5 15.exf5  1/2-1/2

[Event "3rd Isthmia Open"]
[Site "Vrachati GRE"]
[Date "2013.08.25"]
[Round "9.18"]
[White "Sidiropoulos,N1"]
[Black "Tsolakidou,Stavroula"]
[Result "0-1"]
[WhiteElo "2106"]
[BlackElo "1986"]

1.e4 c5 2.Nf3 d6 3.Bb5+ Nd7 4.d4 Nf6 5.O-O cxd4 6.Qxd4 e5 7.Qd3 h6 8.Nc3 a6
9.Bxd7+ Bxd7 10.a4 Rc8 11.h3 Qc7 12.Rd1 Be7 13.Be3 O-O 14.a5 Be6 15.Nd2 Qc6
16.Ra4 d5 17.exd5 Bxd5 18.Nxd5 Nxd5 19.Rc4 Qe6 20.Rxc8 Rxc8 21.Ne4 Nb4 22.Qd7 Rd8
23.Qxd8+ Bxd8 24.Rxd8+ Kh7 25.c3 Nc6 26.Rd6 Qf5 27.Ng3 Qb1+ 28.Kh2 Qxb2 29.Rd7 Kg8
30.Bb6 Qxc3 31.Rxb7 Nxa5 32.Ra7 Nb3 33.Nf5 a5 34.Ne7+ Kh7 35.Nf5 Qb4 36.Be3 Nd4
37.Rxf7 Nxf5 38.Rxf5 Qb2 39.Rf3 a4 40.Bc5 e4 41.Rg3 Qe5 42.Bb4 e3 43.fxe3 h5
44.h4 g5 45.Kh3 g4+ 46.Kh2 Qe4 47.Bc5 Kg6  0-1

[Event "15th Sants Open 2013"]
[Site "Barcelona ESP"]
[Date "2013.08.26"]
[Round "4.5"]
[White "Munoz Pantoja,M"]
[Black "Kulaots,K"]
[Result "1/2-1/2"]
[WhiteElo "2456"]
[BlackElo "2581"]

1.e4 c5 2.Nf3 d6 3.Bb5+ Nd7 4.d4 cxd4 5.Qxd4 a6 6.Bxd7+ Bxd7 7.c4 e5 8.Qd3 b5
9.Nc3 bxc4 10.Qxc4 Be6 11.Qd3 h6 12.O-O Nf6 13.Rd1 Be7 14.Ne1 O-O 15.Nc2 Qb8
16.Ne3 Rc8 17.Ned5 Nxd5 18.Nxd5 Bd8 19.b3 Rc6 20.Be3 Qb5 21.Rac1 Rxc1 22.Bxc1 Qxd3
23.Rxd3 f5 24.Ne3 Rc8 25.Rxd6 Rxc1+ 26.Nf1 Kf7 27.exf5 Bxf5 28.Rxd8 Bb1 29.f4 Bxa2
30.fxe5 Bxb3 31.Kf2 a5 32.Nd2 Be6 33.Ra8 Rc5 34.Ra7+ Kg6 35.Nf3 Bd5 36.Nd4 Bc4
37.Nf3 Bd5 38.Nd4 Bc4 39.Nf3 Bd5 40.Nd4  1/2-1/2

[Event "XXX Collado Villalba Open 2013"]
[Site "Collado Villalba ESP"]
[Date "2013.08.26"]
[Round "4.12"]
[White "Valles Moreno,I"]
[Black "Erice Alonso,S"]
[Result "1-0"]
[WhiteElo "2384"]
[BlackElo "2042"]

1.e4 c5 2.Nf3 d6 3.Bb5+ Bd7 4.Bxd7+ Qxd7 5.c4 Nc6 6.d4 cxd4 7.Nxd4 Nf6 8.Nc3 g6
9.Nde2 Bg7 10.f3 O-O 11.O-O a6 12.a4 b6 13.Kh1 Qb7 14.Rb1 Ne5 15.b3 Rfd8
16.Bg5 Rac8 17.Qd2 Ned7 18.Rfd1 Qb8 19.Nd5 Nxd5 20.exd5 Re8 21.Bh6 Bh8 22.Nd4 Qb7
23.Re1 Rc7 24.Re2 Bg7 25.Nf5 Bxh6 26.Nxh6+ Kf8 27.Qd4 f6 28.Rbe1 Ne5 29.f4 Nf7
30.Ng4 Rcc8 31.Re6 Rb8 32.Qe3 Qd7 33.h4 f5 34.Nh2 Nd8 35.h5 Nxe6 36.dxe6 Qb7
37.Qd4 Kg8 38.h6  1-0

[Event "11th Kesan Open"]
[Site "Edirne TUR"]
[Date "2013.08.26"]
[Round "1.7"]
[White "Ozen,Deniz"]
[Black "Odeev,H"]
[Result "0-1"]
[WhiteElo "1835"]
[BlackElo "2408"]

1.e4 c5 2.Nf3 d6 3.Bb5+ Nd7 4.O-O a6 5.Bxd7+ Bxd7 6.d4 cxd4 7.Qxd4 e5 8.Qd3 h6
9.c4 b5 10.Nc3 bxc4 11.Qxc4 Nf6 12.b3 Be7 13.Bb2 O-O 14.Rad1 Qb6 15.Rfe1 Rfc8
16.Qd3 a5 17.Ba3 Bf8 18.Nd2 Be6 19.Nf1 Rc6 20.Ne3 Rac8 21.Ncd5 Bxd5 22.exd5 Rc3
23.Qf5 a4 24.Bb2 R3c7 25.Nc4 Qa7 26.Rd3 axb3 27.axb3 Qb7 28.f4 e4 29.Rg3 Nxd5
30.Kh1 Rxc4 31.bxc4 Rxc4 32.Ba1 e3 33.Qh5 Rxf4 34.Qxh6 f6 35.Qh5 Qf7 36.Qxf7+ Kxf7
37.h3 g6 38.Bb2 Bh6 39.Bc1 Re4 40.Rf3 f5 41.g3 Ke6 42.h4 Nb4 43.Re2 d5 44.Bxe3 d4
45.Kg2 dxe3 46.Rf1 Nc6 47.Ra2 e2 48.Re1 Nd4 49.Ra6+ Kf7 50.Ra2 Kf6 51.Ra6+ Re6
52.Ra2 Bf8 53.Kf2 Bb4 54.Rexe2 Rxe2+ 55.Rxe2 Nxe2 56.Kxe2 Ke5 57.Kf3 Be1  0-1

[Event "TCh-SRB 1st League 2013"]
[Site "Kragujevac SRB"]
[Date "2013.08.26"]
[Round "3.3"]
[White "Boskovic,D"]
[Black "Kovacevic,A"]
[Result "1/2-1/2"]
[WhiteElo "2427"]
[BlackElo "2564"]

1.e4 c5 2.Nf3 d6 3.Bb5+ Nd7 4.c3 Nf6 5.Qe2 a6 6.Ba4 e5 7.O-O Be7 8.d4 b5
9.Bc2 O-O 10.a4 Bb7 11.dxe5 Nxe5 12.Nxe5 dxe5 13.Re1 c4 14.Nd2 Qc7 15.Nf1 Rfd8
16.Bg5 Ne8 17.Bxe7 Qxe7 18.Ne3 Nf6 19.Rad1 g6 20.Ng4 Nd7 21.Ne3 Nf6 22.Ng4 Nd7
23.Ne3  1/2-1/2

[Event "TCh-SRB 1st League 2013"]
[Site "Kragujevac SRB"]
[Date "2013.08.26"]
[Round "3.6"]
[White "Mastrovasilis,D"]
[Black "Indjic,A"]
[Result "1/2-1/2"]
[WhiteElo "2595"]
[BlackElo "2549"]

1.e4 c5 2.Nf3 d6 3.Bb5+ Nd7 4.O-O a6 5.Bxd7+ Bxd7 6.d4 cxd4 7.Qxd4 e5 8.Qd3 h6
9.c4 Nf6 10.Nc3 Be7 11.a4 O-O 12.Be3 Qc7 13.a5 Rac8 14.b3 Be6 15.h3 Qb8 16.Nh4 Rfe8
17.Rfd1 Bf8 18.Nf5 Kh7 19.Bb6 Rc6 20.Nd5 Nd7 21.Rd2 g6 22.Nfe3 Kg7 23.Rad1 Nxb6
24.axb6 Be7 25.Qc3 Bd8 26.Nc7 Bxc7 27.bxc7 Qxc7 28.Rxd6 f6 29.Qb4 Qe7 30.c5 Rec8
31.Nd5 Qf7 32.Nb6 R8c7 33.Rxc6 Rxc6 34.Rd6 g5 35.Rxc6 bxc6 36.Qa4 Qh5 37.Qxc6 Qd1+
38.Kh2 Qd2 39.Nd5 Bxd5 40.Qd7+ Kh8 41.Qd8+ Kg7 42.Qxd5 Qf4+ 43.Kg1 Qc1+ 44.Kh2 Qf4+
45.Kg1  1/2-1/2

[Event "TCh-SRB 1st League 2013"]
[Site "Kragujevac SRB"]
[Date "2013.08.26"]
[Round "3.1"]
[White "Lukovic,V"]
[Black "Sredojevic,I"]
[Result "1/2-1/2"]
[WhiteElo "2346"]
[BlackElo "2413"]

1.e4 c5 2.Nf3 d6 3.Bb5+ Nc6 4.O-O Bg4 5.h3 Bh5 6.Re1 e6 7.c3 Nf6 8.d4 Bxf3
9.Qxf3 cxd4 10.cxd4 a6 11.Bxc6+ bxc6 12.Nc3 d5 13.Bg5 Be7 14.Bxf6 gxf6 15.Qg3 Kf8
16.Qe3 Rg8 17.Rac1 f5 18.exf5 Bg5 19.f4 Bh4 20.Re2 Rg3 21.Qd2 exf5 22.Re5 Bf6
23.Rxf5 Kg7 24.Kh2 Rg6 25.g4 Qd6 26.Ne2 Re8 27.Ng3 Kg8 28.Re5 Bxe5 29.dxe5 Qb8
30.Nh5 Qb5 31.Re1 Rb8 32.b3 Qb4 33.Qc1 Rb5 34.f5 Rc5 35.Qd1 Rg5 36.e6 Rc2+
37.Qxc2 Qxe1 38.Nf6+ Kh8  1/2-1/2

[Event "TCh-SRB 1st League w 2013"]
[Site "Kragujevac SRB"]
[Date "2013.08.26"]
[Round "3.4"]
[White "Mladenovic,J"]
[Black "Mijic,M"]
[Result "1/2-1/2"]
[WhiteElo "2123"]
[BlackElo "2005"]

1.e4 c5 2.Nf3 d6 3.Bb5+ Bd7 4.Bxd7+ Nxd7 5.O-O Ngf6 6.Qe2 e6 7.Nc3 Be7 8.d3 a6
9.a4 O-O 10.b3 Ne5 11.Nxe5 dxe5 12.a5 Nd7 13.h3 Nb8 14.Nd1 Nc6 15.Qd2 Nd4
16.Ne3 Bg5 17.Qd1 Bxe3 18.Bxe3 Qc7 19.Ra4 Rac8 20.Qd2 Rfd8 21.Rfa1 f5 22.f3 f4
23.Bxd4 exd4 24.Re1 e5 25.Rea1 Rd6 26.Rc4 Rc6 27.Qc1 Qe7 28.Qe1 Qg5  1/2-1/2

[Event "XXX Collado Villalba Open 2013"]
[Site "Collado Villalba ESP"]
[Date "2013.08.27"]
[Round "5.7"]
[White "Valles Moreno,I"]
[Black "Aziz Ortego,O"]
[Result "1-0"]
[WhiteElo "2384"]
[BlackElo "2029"]

1.e4 c5 2.Nf3 d6 3.Bb5+ Nc6 4.O-O Bd7 5.Re1 e5 6.c3 Nf6 7.d4 Qc7 8.d5 Ne7
9.a4 h6 10.Na3 g5 11.Nxe5 dxe5 12.d6 Qc8 13.dxe7 Bxe7 14.Nc4 Bxb5 15.axb5 Qe6
16.Ne3 O-O 17.f3 Rfd8 18.Qe2 Nh5 19.g3 Ng7 20.Nd5 Bd6 21.Be3 f5 22.Kh1 f4
23.Bd2 Qf7 24.g4 b6 25.Kg2 Rab8 26.c4 Rb7 27.Bc3 Bb8 28.b3 h5 29.h3 Ne6 30.Rad1 Kg7
31.Qb2 Nd4 32.b4 Bd6 33.Bxd4 cxd4 34.Rc1 hxg4 35.hxg4 Rc8 36.Rh1 Kg6 37.Qa3 Rbb8
38.c5 Bf8 39.Qa6 Qb7 40.cxb6 Qxa6 41.bxa6 axb6 42.a7 Ra8 43.Rxc8 Rxc8 44.Nc7 Bxb4
45.a8=Q Rxa8 46.Nxa8 Ba5 47.Rb1  1-0

[Event "88th ch-ARG Superior 2013"]
[Site "Resistance/Saenz Pena ARG"]
[Date "2013.08.27"]
[Round "3.2"]
[White "Iermito,S"]
[Black "Mareco,S"]
[Result "1/2-1/2"]
[WhiteElo "2473"]
[BlackElo "2561"]

1.e4 c5 2.Nf3 d6 3.Bb5+ Nd7 4.d4 cxd4 5.Qxd4 a6 6.Bxd7+ Bxd7 7.c4 e5 8.Qd3 b5
9.Nc3 bxc4 10.Qxc4 Qc8 11.Qd3 h6 12.Nd2 Be6 13.b3 Qc5 14.Bb2 Nf6 15.Rc1 Qb4
16.O-O Be7 17.Rfd1 O-O 18.Nf1 a5 19.Ne3 a4 20.Ncd5 Nxd5 21.Nxd5 Bxd5  1/2-1/2

[Event "15th Sants Open 2013"]
[Site "Barcelona ESP"]
[Date "2013.08.28"]
[Round "6.12"]
[White "Firat,B"]
[Black "Cabrera,Ale"]
[Result "1-0"]
[WhiteElo "2416"]
[BlackElo "2544"]

1.e4 c5 2.Nf3 d6 3.Bb5+ Nc6 4.O-O Bd7 5.Re1 Nf6 6.h3 a6 7.Bf1 e5 8.c3 Be7
9.d4 Qc7 10.d5 Nd8 11.Nh2 O-O 12.f4 exf4 13.Bxf4 b5 14.Nf3 Nb7 15.Nbd2 c4
16.Qc2 Nh5 17.Bh2 Qb6+ 18.Kh1 Rae8 19.g4 Nf6 20.Nd4 Bc8 21.N2f3 Nd7 22.b3 cxb3
23.axb3 Bf6 24.b4 Ne5 25.g5 Bd8 26.Bg1 Nxf3 27.Nxf3 Qc7 28.Rxa6 f5 29.Rc6 Qd7
30.e5 dxe5 31.Nxe5 Rxe5 32.Rxe5 Bxg5 33.Bd3 g6 34.Qg2 Bf4 35.Ree6 Nd6 36.Bc5 Ne4
37.Bxe4 fxe4 38.Bxf8 Qxd5 39.Rxg6+ hxg6 40.Qxg6+ Kxf8 41.Rxc8+ Ke7 42.Qg7+  1-0

[Event "XXX Collado Villalba Open 2013"]
[Site "Collado Villalba ESP"]
[Date "2013.08.28"]
[Round "6.7"]
[White "Renteria,J"]
[Black "Plazuelo Pascual,Juan"]
[Result "1-0"]
[WhiteElo "2323"]
[BlackElo "1962"]

1.e4 c5 2.Nf3 d6 3.Bb5+ Bd7 4.Bxd7+ Qxd7 5.c4 Nc6 6.d4 cxd4 7.Nxd4 Nf6 8.Nc3 g6
9.O-O Bg7 10.Nde2 O-O 11.f3 Rac8 12.Bg5 Rfe8 13.Qd2 b6 14.b3 Qb7 15.Bh6 a6
16.Bxg7 Kxg7 17.a4 a5 18.Kh1 Nb4 19.Nd5 Nfxd5 20.exd5 Qc7 21.Nd4 Rcd8 22.Rad1 Qc5
23.Rfe1 Qc8 24.f4 Rd7 25.f5 Rg8 26.fxg6 hxg6 27.Qg5 Rb7 28.Rf1 f6 29.Qf4 Rh8
30.Rde1 Qd7 31.Qg3 Kf7 32.Nf3 Na6 33.Ng5+ Kg7 34.Ne6+ Kf7 35.Re3 Nc5 36.Rfe1 Qe8
37.Nd4 Nd7 38.Rxe7+ Qxe7 39.Rxe7+ Kxe7 40.Nc6+ Kf7 41.Qxd6 Re8 42.h3 Kg7
43.Nd4 Nc5 44.Qc6 Ree7 45.d6 Red7 46.Kh2 Kf7 47.Qd5+ Kg7 48.Nc6 Nxb3 49.Ne7 Rb8
50.Qd3 f5 51.Qxb3  1-0

[Event "11th Kesan Open"]
[Site "Edirne TUR"]
[Date "2013.08.28"]
[Round "4.3"]
[White "Gholami,A"]
[Black "Benidze,D"]
[Result "1/2-1/2"]
[WhiteElo "2163"]
[BlackElo "2514"]

1.e4 d6 2.Nf3 c5 3.Bb5+ Bd7 4.Bxd7+ Qxd7 5.O-O Nc6 6.c3 Nf6 7.Re1 e6 8.d4 cxd4
9.cxd4 d5 10.e5 Ne4 11.Nbd2 Nxd2 12.Bxd2 Be7 13.Rc1 O-O 14.Qb3 Rac8 15.Rc2 f6
16.exf6 Rxf6 17.Qd3 Rcf8 18.Bc3 Rxf3 19.gxf3 Bd6 20.f4 Rxf4 21.f3 Qf7 22.Rf2 e5
23.Qe2 Nxd4 24.Bxd4 Rxd4 25.Rc1 g6 26.Rff1 Rf4 27.Qd3 Kg7 28.Kh1 Rh4 29.Rc2 Rd4
30.Qe2 Rf4 31.Rcc1 Rh4 32.Rcd1 Qe6 33.Rf2 Bc5 34.Rg2 Rf4 35.Rg5 Bd4 36.Rxd4 Rxd4
37.Rxe5 Qc6 38.Qe3 Rd1+ 39.Kg2 d4 40.Re7+ Kf8 41.Qe5 Qc2+ 42.Kh3 Qf5+ 43.Qxf5+ gxf5
44.Rxb7 d3 45.Rxa7 Rb1 46.Rd7 Rxb2 47.Rxd3 Rxa2 48.Rd5 Kg7 49.Rxf5 Kg6 50.Rb5 Ra1
51.Kg2 Rc1 52.h4 Ra1 53.Kg3 Rg1+ 54.Kf4 Rh1 55.Kg3 Rg1+ 56.Kh2 Ra1 57.Kg2 Rc1
58.Rb2 Kh5  1/2-1/2

[Event "TCh-SRB 1st League w 2013"]
[Site "Kragujevac SRB"]
[Date "2013.08.28"]
[Round "5.5"]
[White "Mladenovic,J"]
[Black "Milutinovic,Stef"]
[Result "1/2-1/2"]
[WhiteElo "2123"]
[BlackElo "2035"]

1.e4 c5 2.Nf3 d6 3.Bb5+ Bd7 4.a4 Nc6 5.O-O e6 6.Re1 Nf6 7.d3 a6 8.Bxc6 Bxc6
9.e5 dxe5 10.Nxe5 Qc7 11.Nxc6 Qxc6 12.Bf4 b6 13.Nd2 Be7 14.Nc4 O-O 15.Ne5 Qb7
16.Ng4 Nxg4 17.Qxg4 Bf6 18.Be5 Bxe5 19.Rxe5 Qc7 20.Rae1 b5 21.Rg5 f5 22.Qh4 Rf6
23.Rg3 Raf8 24.axb5 Qa5 25.Rge3 axb5 26.f4 Qa2 27.Qf2 Qxb2 28.Rxe6 Rxe6 29.Rxe6 Qa1+
30.Re1 Qc3 31.h3 c4 32.dxc4 Qxc4 33.Re5 b4 34.Qd2 b3 35.cxb3 Qxb3  1/2-1/2

[Event "21st Honor to National Resistance"]
[Site "Nikaia GRE"]
[Date "2013.08.28"]
[Round "3.13"]
[White "Poulopoulos,I"]
[Black "Papakonstantinou,Di2"]
[Result "1/2-1/2"]
[WhiteElo "2079"]
[BlackElo "1910"]

1.e4 c5 2.Nf3 d6 3.Bb5+ Nd7 4.O-O Nf6 5.Re1 a6 6.Bd3 g6 7.c3 Bg7 8.a4 b6
9.Bc2 O-O 10.d4 e5 11.dxe5 dxe5 12.Bg5 Qc7 13.Qe2 Bb7 14.Na3 Bc6 15.b3 h6
16.Bh4 Nh5 17.Rad1 Rfe8 18.Bg3 Nf4 19.Qd2 b5 20.Qd6 Qb7 21.c4 b4 22.Nb1 Ne6
23.Qd3 Nd4 24.Nxd4 cxd4 25.Nd2 Nc5 26.Qe2 Rad8 27.Bd3 h5 28.Rb1 Bh6 29.Nf1 f5
30.f3 Be3+ 31.Bf2 Nxd3 32.Qxd3 fxe4 33.Qc2 d3 34.Qb2 Bxf2+ 35.Qxf2 exf3 36.gxf3 Bxf3
37.Re3 Bg4 38.Nd2 Qb6 39.Rbe1 Qd4 40.h3 Bf5 41.Kh2 Rf8 42.Qg2 Qf4+ 43.Kh1 Qh4
44.Rg3 Qf4  1/2-1/2